MARC

LEADER 00000cam a2200000 7i4500
001 0000048113
005 20230627093000.0
008 050104n
090 0 0 |a BP158.3   |b .S47 1999 
110 2 |a Seminar Antarabangsa Sistem Kehakiman Islam (1999 : Kuala Lumpur) 
245 1 0 |a Kertas kerja Seminar Antarabangsa Sistem Kehakiman Islam   |c anjuran Institut Kefahaman Islam Malaysia dengan kerjasama Jabatan Kehakiman Syariah Malaysia 
300 |a 1 v. ;   |c 30 cm. 
650 0 |a Islamic law   |v Congresses 
650 0 |a Judges (Islamic law)   |v Congresses 
650 0 |a Judicial power (Islamic law)   |v Congresses 
650 0 |a Judicial process (Islamic law)   |v Congresses 
650 0 |a Justice, Administration of (Islamic law)   |v Congresses 
710 1 1 |a Institut Kefahaman Islam Malaysia 
710 1 1 |a Malaysia .   |b Jabatan Kehakiman Syariah 
999 |a 1000075166   |b Seminar Papers   |c Reference   |e Gong Badak Campus